ბათუმის შოთა რუსთაველის სახელმწიფო უნივერსიტეტის ბიბლიოთეკა

ინვესტიციების თეორიული გენეზისი=Theoretical Genesis of investments (ბიბ.ჩანაწერი № 51316)

000 -LEADER
fixed length control field 01041nam a2200265Ia 4500
001 - CONTROL NUMBER
control field 18285
003 - CONTROL NUMBER IDENTIFIER
control field GE_BSU
008 - FIXED-LENGTH DATA ELEMENTS--GENERAL INFORMATION
fixed length control field 181216s||||||||xx |||||||||||||| ||und||
020 ## - INTERNATIONAL STANDARD BOOK NUMBER
International Standard Book Number 9789941052194
040 ## - CATALOGING SOURCE
Transcribing agency GE_BSU
080 ## - UNIVERSAL DECIMAL CLASSIFICATION NUMBER
Universal Decimal Classification number 330.322.01
100 ## - MAIN ENTRY--PERSONAL NAME
Personal name ქოქიაური,ლამარა
245 ## - TITLE STATEMENT
Title ინვესტიციების თეორიული გენეზისი=Theoretical Genesis of investments
245 ## - TITLE STATEMENT
Statement of responsibility, etc. მეცნ.რედ. ლეო ჩიქავა
250 ## - EDITION STATEMENT
Edition statement მეორე გამოცემა.
260 ## - PUBLICATION, DISTRIBUTION, ETC.
Place of publication, distribution, etc. თბილისი
260 ## - PUBLICATION, DISTRIBUTION, ETC.
Name of publisher, distributor, etc. საქართველოს ტექნიკური უნ-ტი
260 ## - PUBLICATION, DISTRIBUTION, ETC.
Date of publication, distribution, etc. 2013
300 ## - PHYSICAL DESCRIPTION
Extent 951გვ.20სმ.
300 ## - PHYSICAL DESCRIPTION
Accompanying material ბიბლ.გვ.836-838. დანართი გვ.839
653 ## - INDEX TERM--UNCONTROLLED
Uncontrolled term ინვესტიციების თეორია
653 ## - INDEX TERM--UNCONTROLLED
Uncontrolled term ინვესტიციების თეორიული გენეზისი
942 ## - ADDED ENTRY ELEMENTS (KOHA)
Koha item type წიგნი
ეგზემპლარები
Withdrawn status Lost status Damaged status Not for loan Date acquired Barcode Date last seen Price effective from Koha item type
        2018-12-17 46578 2018-12-17 2018-12-17 წიგნი